000 01872nam a2200397 i 4500
003 DO-SdBNP
005 20251104094415.0
007 ta
008 091125s2019 dr db 000 0 spa d
020 _a9789945443622
020 _a9789945582826
040 _aDO-SdBNP
_bspa
_cBNPHU
_erda
082 4 _a330.97293
_bC744n, 2018
_222
111 2 _aConcurso de Economía Biblioteca ¨Juan Pablo Duarte¨ 2018
_d(2018 :
_984301
_cSanto Domingo)
245 1 0 _aNueva literatura económica dominicana :
_bpremios del Concurso Anual de Economía Biblioteca Juan Pablo Duarte 2018 /
_cedición, José Alcántara Almánzar, Elvis Francis Soto
264 _aSanto Domingo :
_bBanco Central de la República Dominicana,
_c2019.
300 _a408 páginas :
_bilustraciones ; mapas;
_c23 cm.
336 _2rdacontent
_atexto
_btxt
337 _2rdamedia
_asin mediación
_bn
338 _2rdacarrier
_avolumen
_bnc
490 1 _aBanco Central de la República Dominicana
_v267
490 1 _aNueva Literatura Económica
_v23
500 _aIncluye referencias bibliográficas y notas al pie de las páginas
504 _aBibliografía : p. 180-185
586 _aPremios del Concurso de Económia Biblioteca Juan Pablo Duarte 2018
590 _aInventariado, 2018/ YL
650 4 _aPolítica monetária
_zRepública Dominicana
_vCongresos, conferencias, etc.
_96378
650 0 _aInflación
_zRepública Dominicana
_vCongresos, conferencias, etc.
_9201
650 0 _aTrabajo infantil
_984469
650 4 _aTrabajo de la mujer
_zRepública Dominicana
_vCongresos, conferencias, etc.
_984470
651 4 _aRepública Dominicana
_xPolítica económica
_vCongresos, conferencias, etc.
_97001
700 1 _aAlcántara Almánzar, José
_d1946-
_eedición
_97018
700 1 _aSoto, Elvis Francis,
_eedición
_939156
910 _aBtavárez/Validado. Control de calidad MFF
942 _2ddc
_cLBS1
999 _c51431
_d51431